000 00911nam a2200253 a 4500
001 BRCA_1164
005 20190320203318.0
008 920831s1990 mx-a---##b---#000-0#spa-#
020 _a9686258043
040 _aDLC
_cDLC
050 4 _aNA5257.M4
_b.T68 1990
100 1 _aTovar de Teresa, Guillermo
_d1956-
_9559
245 1 0 _aGerónimo de Balbás en la Catedral de México
_cGuillermo Tovar de Teresa.
260 _aMéxico
_bAsociación Amigos de la Catedral Metropolitana
_c1990
300 _a113 p.
_bil. a color
_c31 cm.
504 _aIncluye referencias bibliográficas y apéndice
600 1 4 _aBalbás, Gerónimo de
_xCrítica e interpretación
_93846
600 1 4 _aBalbás, Gerónimo de
_xFuentes
_93847
610 2 4 _aCatedral de México
_9679
650 1 4 _aRetablos barrocos
_zMéxico
_93848
650 1 4 _aRetablos mexicanos
_zMéxico
_93849
700 1 _aBalbás, Gerónimo de
_93850
942 _2lcc
_cB
999 _c1041
_d1041